ՀՀ Գիտությունների ազգային ակադեմիայի հիմնարար գիտական գրադարան  =   Fundamental Scientific Library of NAS RA

Դատողություններ Ղարաբաղի և Նախիջևանի հարցի շուրջ : (Record no. 530761)

MARC details
000 -LEADER
fixed length control field 01352nam a2200253 a 4500
001 - CONTROL NUMBER
control field 997826
003 - CONTROL NUMBER IDENTIFIER
control field AM-YEHGA
005 - DATE AND TIME OF LATEST TRANSACTION
control field 20250618080146.0
008 - FIXED-LENGTH DATA ELEMENTS--GENERAL INFORMATION
fixed length control field 160901s2016 ai a||||||||||||||0|arm|d
020 ## - INTERNATIONAL STANDARD BOOK NUMBER
International Standard Book Number 9789939519173
040 ## - CATALOGING SOURCE
Original cataloging agency AM-YeHGA
041 0# - LANGUAGE CODE
Language code of text/sound track or separate title arm
090 ## - LOCALLY ASSIGNED LC-TYPE CALL NUMBER (OCLC); LOCAL CALL NUMBER (RLIN)
-- 569483
100 1# - MAIN ENTRY--PERSONAL NAME
Personal name Դեմիրճյան, Դերենիկ Կարապետի,
Dates associated with a name 1877-1956
245 10 - TITLE STATEMENT
Title Դատողություններ Ղարաբաղի և Նախիջևանի հարցի շուրջ :
Remainder of title Խոհագրություն /
Statement of responsibility, etc. Դ.Կ. Դեմիրճյան ; Խմբագիր՝ Կ. Վարդանյան ; Ե. Չարենցի անվան գրականության և արվեստի թանգարան ; Դերենիկ Դեմիրճյանի տուն-թանգարան.
260 ## - PUBLICATION, DISTRIBUTION, ETC.
Place of publication, distribution, etc. Երևան :
Name of publisher, distributor, etc. Անտարես,
Date of publication, distribution, etc. 2016.
300 ## - PHYSICAL DESCRIPTION
Extent 31 էջ :
Other physical details լուսանկ. ;
Dimensions 16 սմ.
500 ## - GENERAL NOTE
General note Գրքի թվային տարբերակը ներբեռնվել է http://artsakhlib.am կայքից:
651 #4 - SUBJECT ADDED ENTRY--GEOGRAPHIC NAME
Geographic name Հայաստանի Հանրապետություն
General subdivision Ներքին քաղաքականություն
700 1# - ADDED ENTRY--PERSONAL NAME
Personal name Վարդանյան, Կարո,
Dates associated with a name 1972-
Relator term խմբագիր
Relationship edt
9 (RLIN) 4136
710 2# - ADDED ENTRY--CORPORATE NAME
Corporate name or jurisdiction name as entry element Դերենիկ Դեմիրճյանի տուն-թանգարան
856 41 - ELECTRONIC LOCATION AND ACCESS
Uniform Resource Identifier <a href="http://haygirk.nla.am/upload/1941-/datoxutyunner_kharabax_2016.pdf">http://haygirk.nla.am/upload/1941-/datoxutyunner_kharabax_2016.pdf</a>
Link text Կարդալ առցանց
942 ## - ADDED ENTRY ELEMENTS (KOHA)
Source of classification or shelving scheme Universal Decimal Classification
Koha item type Գրքեր / Books
Holdings
Withdrawn status Lost status Source of classification or shelving scheme Damaged status Not for loan Collection Home library Current library Date acquired Total checkouts Full call number Barcode Date last seen Price effective from Koha item type Public note
    Universal Decimal Classification     General Fundamental Scientific Library Fundamental Scientific Library 25/06/2024   AI/21795 FL0682238 25/06/2024 25/06/2024 Գրքեր / Books 30 Days Loan
    Universal Decimal Classification     General Fundamental Scientific Library Fundamental Scientific Library 25/06/2024   AI/21796 FL0682239 25/06/2024 25/06/2024 Գրքեր / Books 30 Days Loan


ՀՀ ԳԱԱ հիմնարար գիտական գրադարան
ՀՀ,Երևան 0019
Մարշալ Բաղրամյան 24/6
հեռախոս:(374-10) 52-47-50
Հետադարձ կապ

All site content, except where otherwise noted, is licensed under a
Creative Commons License